Statistics for Every Premier League Goalscorer (2014/15)

Click here to take the quiz!

General Stats

  • This quiz has been taken 56 times
  • The average score is 85 of 247

Answer Stats

PlayerClubGoals% Correct
Jamie VardyLeicester City5
84%
Romelu LukakuEverton10
84%
Sergio AgüeroManchester City26
84%
Alexis SánchezArsenal16
81%
Carlos SánchezAston Villa1
81%
Riyad MahrezLeicester City4
78%
Robin van PersieManchester United10
78%
Wayne RooneyManchester United12
78%
Harry KaneTottenham Hotspur21
75%
Mesut ÖzilArsenal4
75%
Olivier GiroudArsenal14
75%
Aaron RamseyArsenal6
72%
David SilvaManchester City12
72%
Diego CostaChelsea20
72%
Frank LampardManchester City6
72%
Steven GerrardLiverpool9
72%
Theo WalcottArsenal5
72%
Eden HazardChelsea14
69%
Jack WilshereArsenal2
69%
John TerryChelsea5
69%
Wes MorganLeicester City2
69%
Wilfried ZahaCrystal Palace4
69%
Cesc FàbregasChelsea3
66%
James MilnerManchester City5
66%
Jermain DefoeSunderland4
66%
Leonardo UlloaLeicester City11
66%
Leroy FerQueens Park Rangers6
66%
Raheem SterlingLiverpool7
66%
Adam LallanaLiverpool5
63%
Carlton ColeWest Ham United2
63%
Christian BentekeAston Villa13
63%
Gary CahillChelsea1
63%
Joe ColeAston Villa1
63%
Marouane FellainiManchester United6
63%
Philippe CoutinhoLiverpool5
63%
Robert HuthLeicester City1
63%
Aleksandar KolarovManchester City2
59%
Edin DžekoManchester City4
59%
Joel WardCrystal Palace1
59%
Laurent KoscielnyArsenal3
59%
Leighton BainesEverton2
59%
WillianChelsea2
59%
Yaya TouréManchester City10
59%
Daniel SturridgeLiverpool4
56%
Danny IngsBurnley11
56%
Joe AllenLiverpool1
56%
Jordan HendersonLiverpool6
56%
Juan MataManchester United9
56%
Marc AlbrightonLeicester City2
56%
Peter CrouchStoke City8
56%
RamiresChelsea2
56%
Ashley YoungManchester United2
53%
Christian EriksenTottenham Hotspur10
53%
Danny WelbeckArsenal4
53%
Enner ValenciaWest Ham United4
53%
Gaël ClichyManchester City1
53%
Mark NobleWest Ham United2
53%
Sung-yueng KiSwansea City8
53%
Wilfried BonySwansea City9
53%
Wilfried BonyManchester City2
53%
Aaron LennonEverton2
50%
Adam JohnsonSunderland4
50%
Alex Oxlade-ChamberlainArsenal1
50%
Ashley BarnesBurnley5
50%
Charlie AustinQueens Park Rangers18
50%
Chris SmallingManchester United4
50%
Didier DrogbaChelsea4
50%
Glen JohnsonLiverpool1
50%
Kevin MirallasEverton7
50%
Marko ArnautovićStoke City1
50%
Pablo ZabaletaManchester City1
50%
Phil JagielkaEverton4
50%
Séamus ColemanEverton3
50%
Ángel Di MaríaManchester United3
47%
Érik LamelaTottenham Hotspur2
47%
FernandinhoManchester City3
47%
Jonjo ShelveySwansea City3
47%
Mario BalotelliLiverpool1
47%
OscarChelsea6
47%
Sadio ManéSouthampton10
47%
Alberto MorenoLiverpool2
44%
Andy KingLeicester City2
44%
Branislav IvanovićChelsea4
44%
Chris WoodLeicester City1
44%
Danny RoseTottenham Hotspur3
44%
Diafra SakhoWest Ham United10
44%
Gabriel AgbonlahorAston Villa6
44%
James Ward-ProwseSouthampton1
44%
Nemanja MatićChelsea1
44%
Rickie LambertLiverpool2
44%
Santi CazorlaArsenal7
44%
Shane LongSouthampton5
44%
Graziano PellèSouthampton12
41%
Héctor BellerínArsenal2
41%
James WilsonManchester United1
41%
Martín DemichelisManchester City1
41%
Michael CarrickManchester United1
41%
Mousa DembéléTottenham Hotspur1
41%
Samir NasriManchester City2
41%
Stewart DowningWest Ham United6
41%
Tom CleverleyAston Villa3
41%
Ander HerreraManchester United6
38%
Andy CarrollWest Ham United5
38%
Emmanuel AdebayorTottenham Hotspur2
38%
Esteban CambiassoLeicester City5
38%
Gylfi SigurðssonSwansea City7
38%
James McCarthyEverton2
38%
Loïc RémyChelsea7
38%
Morgan SchneiderlinSouthampton4
38%
Moussa SissokoNewcastle United4
38%
Papiss CisséNewcastle United11
38%
Radamel FalcaoManchester United4
38%
Toby AlderweireldSouthampton1
38%
Aaron CresswellWest Ham United2
34%
Abel HernándezHull City4
34%
Ben MeeBurnley2
34%
Eric DierTottenham Hotspur2
34%
FernandoManchester City2
34%
Jan VertonghenTottenham Hotspur1
34%
John StonesEverton1
34%
Martin ŠkrtelLiverpool1
34%
Nathaniel ClyneSouthampton2
34%
Ross BarkleyEverton2
34%
Steven TaylorNewcastle United1
34%
Ayoze PérezNewcastle United7
31%
Charlie AdamStoke City7
31%
Craig DawsonWest Bromwich Albion2
31%
Daley BlindManchester United2
31%
Emre CanLiverpool1
31%
Jack CorkSouthampton2
31%
Jack CorkSwansea City1
31%
Michael DawsonHull City1
31%
Nathan DyerSwansea City3
31%
Roberto SoldadoTottenham Hotspur1
31%
Victor WanyamaSouthampton3
31%
Darren FletcherWest Bromwich Albion1
28%
Jonathan WaltersStoke City8
28%
Matt PhillipsQueens Park Rangers3
28%
Stevan JovetićManchester City5
28%
Steven FletcherSunderland5
28%
Yannick BolasieCrystal Palace4
28%
André SchürrleChelsea3
25%
Calum ChambersArsenal1
25%
Dušan TadićSouthampton4
25%
Dwight GayleCrystal Palace5
25%
Fabricio ColocciniNewcastle United1
25%
Glenn MurrayCrystal Palace7
25%
James MorrisonWest Bromwich Albion2
25%
Joleon LescottWest Bromwich Albion1
25%
Jonás GutiérrezNewcastle United1
25%
Leon OsmanEverton2
25%
Nacer ChadliTottenham Hotspur11
25%
Ryan BertrandSouthampton2
25%
Ryan ShawcrossStoke City2
25%
Saido BerahinoWest Bromwich Albion14
25%
Steven NaismithEverton7
25%
Victor MosesStoke City3
25%
Andros TownsendTottenham Hotspur2
22%
Bafétimbi GomisSwansea City7
22%
Jack ColbackNewcastle United4
22%
James McArthurCrystal Palace2
22%
Joey BartonQueens Park Rangers1
22%
Jordi GómezSunderland4
22%
Mathieu DebuchyArsenal1
22%
Tomáš RosickýArsenal2
22%
Victor AnichebeWest Bromwich Albion3
22%
Andrej KramarićLeicester City2
19%
Bojan KrkićStoke City4
19%
Chris BruntWest Bromwich Albion2
19%
Fabio BoriniLiverpool1
19%
Jason PuncheonCrystal Palace6
19%
Lazar MarkovićLiverpool2
19%
Lee CattermoleSunderland1
19%
Mathieu FlaminiArsenal1
19%
Nikica JelavićHull City8
19%
Sammy AmeobiNewcastle United2
19%
Samuel Eto'oEverton3
19%
Steven CaulkerQueens Park Rangers1
19%
Bobby ZamoraQueens Park Rangers3
16%
Ciaran ClarkAston Villa1
16%
Clint HillQueens Park Rangers1
16%
David NugentLeicester City5
16%
Fraizer CampbellCrystal Palace4
16%
Joe LedleyCrystal Palace2
16%
Mame Biram DioufStoke City11
16%
Marcin WasilewskiLeicester City1
16%
Mile JedinakCrystal Palace5
16%
Ryan MasonTottenham Hotspur1
16%
Sebastian LarssonSunderland3
16%
Siem de JongNewcastle United1
16%
Steven NzonziStoke City3
16%
Wayne RoutledgeSwansea City3
16%
Brede HangelandCrystal Palace2
13%
Cheikhou KouyatéWest Ham United4
13%
Craig GardnerWest Bromwich Albion3
13%
Danny GrahamSunderland1
13%
Emmanuel RivièreNewcastle United1
13%
Gareth McAuleyWest Bromwich Albion1
13%
Jake LivermoreHull City1
13%
James TomkinsWest Ham United1
13%
Jefferson MonteroSwansea City1
13%
Jeffrey SchluppLeicester City3
13%
Jonas OlssonWest Bromwich Albion1
13%
Kevin NolanWest Ham United1
13%
Marouane ChamakhCrystal Palace2
13%
Paul KoncheskyLeicester City1
13%
Rémy CabellaNewcastle United1
13%
Scott DannCrystal Palace2
13%
Ahmed ElmohamadyHull City2
9%
Andreas WeimannAston Villa3
9%
Connor WickhamSunderland5
9%
Dame N'DoyeHull City5
9%
Daryl JanmaatNewcastle United1
9%
Eduardo VargasQueens Park Rangers3
9%
George BoydBurnley5
9%
Jack RodwellSunderland3
9%
Mike WilliamsonNewcastle United1
9%
Mohamed DiaméHull City4
9%
SandroQueens Park Rangers1
9%
Scott SinclairAston Villa1
9%
Stephen QuinnHull City1
9%
Yoan GouffranNewcastle United2
9%
Aiden McGeadyEverton1
6%
Arouna KonéEverton1
6%
David MeylerHull City1
6%
Eljero EliaSouthampton2
6%
Morgan AmalfitanoWest Ham United3
6%
Nélson OliveiraSwansea City1
6%
Rolando AaronsNewcastle United1
6%
Brown IdeyeWest Bromwich Albion4
3%
Gabriel ObertanNewcastle United1
3%
James ChesterHull City2
3%
Jores OkoreAston Villa1
3%
Mauro ZárateWest Ham United2
3%
Maya YoshidaSouthampton1
3%
Niko KranjčarQueens Park Rangers2
3%
Paul McShaneHull City1
3%
Scott ArfieldBurnley2
3%
Sone AlukoHull City1
3%
Winston ReidWest Ham United1
3%
Alan HuttonAston Villa1
0%
Gastón RamírezHull City1
0%
Graham DorransWest Bromwich Albion1
0%
Michael KightlyBurnley1
0%
Ross WallaceBurnley1
0%
Silvestre VarelaWest Bromwich Albion1
0%
Stéphane SessègnonWest Bromwich Albion1
0%

Score Distribution

Percentile by Number Answered

Percent of People with Each Score

Your Score History

You have not taken this quiz